Statistiques concernant Personnages apparaissant le plus dans Les Aventures de Tintin

Cliquez ici pour prendre le quiz!

Statistiques générales

  • Ce quiz a été pris 931 fois
    (904 depuis la dernière actualisation)
  • Le résultat moyen est 9 sur 13

Statistiques - réponses

#Personnages% Correct
24Tintin
100%
24Milou
99%
16Archibald Haddock
98%
12Tryphon Tournesol
95%
20Dupond et Dupont
92%
8Bianca Castafiore
85%
5Roberto Rastapopoulos
70%
10Nestor
68%
4Allan Thompson
42%
4Général Alcazar
42%
6Séraphin Lampion
41%
4Irma
30%
5Igor Wagner
14%

Distribution des résultats

Percentile par nombre de réponses

% des personnes avec chaque résultat

Votre développement - résultats

Vous n’avez pas pris ce quiz depuis la dernière actualisation